MLB 2025 Transactions - Statistics

General Stats
  • This quiz has been taken 62 times
    34 since last reset
  • The average score is 27 of 156
Answer Stats
Old Team Transaction New Team Pos. Answer % Correct
New York Yankees Free Agent New York Mets OF Juan Soto
58%
Arizona Diamondbacks Free Agent Houston Astros 1B Christian Walker
54%
New York Mets Free Agent Toronto Blue Jays LHP Josh Walker
54%
Arizona Diamondbacks Free Agent Washington Nationals 1B Josh Bell
50%
Houston Astros Trade Chicago Cubs OF Kyle Tucker
50%
St. Louis Cardinals Free Agent New York Yankees 1B Paul Goldschmidt
50%
Houston Astros Free Agent Boston Red Sox 3B Alex Bregman
46%
Milwaukee Brewers Trade New York Yankees RHP Devin Williams
46%
San Francisco Giants Free Agent Los Angeles Dodgers LHP Blake Snell
42%
New York Yankees Free Agent New York Mets RHP Clay Holmes
42%
Cincinnati Reds Trade Kansas City Royals 2B Jonathan India
42%
Cleveland Guardians Trade Arizona Diamondbacks 1B Josh Naylor
42%
Atlanta Braves Free Agent New York Yankees LHP Max Fried
42%
Chicago Cubs Trade New York Yankees OF/1B Cody Bellinger
38%
Baltimore Orioles Free Agent Arizona Diamondbacks RHP Corbin Burnes
38%
Chicago White Sox Trade Boston Red Sox LHP Garrett Crochet
38%
Houston Astros Free Agent San Francisco Giants RHP Justin Verlander
38%
Milwaukee Brewers Free Agent San Francisco Giants SS Willy Adames
38%
Cleveland Guardians Trade Toronto Blue Jays 2B Andres Gimenez
35%
Baltimore Orioles Free Agent Toronto Blue Jays OF Anthony Santander
35%
Pittsburgh Pirates Free Agent Boston Red Sox LHP Aroldis Chapman
35%
Kansas City Royals Trade Cincinnati Reds RHP Brady Singer
35%
Minnesota Twins Free Agent Cleveland Guardians 1B Carlos Santana
35%
Kiwoom Heroes (KBO) Free Agent Los Angeles Dodgers INF Hyeseong Kim
35%
Miami Marlins Trade Philadelphia Phillies LHP Jesus Luzardo
35%
Minnesota Twins Free Agent Philadelphia Phillies OF Max Kepler
35%
New York Yankees Trade Milwaukee Brewers LHP Nestor Cortes
35%
Milwaukee Brewers Free Agent Baltimore Orioles C Gary Sanchez
31%
Philadelphia Phillies Free Agent Toronto Blue Jays RHP Jeff Hoffman
31%
San Diego Padres Free Agent Atlanta Braves OF Jurickson Profar
31%
New York Mets Free Agent Oakland Athletics RHP Luis Severino
31%
Texas Rangers Free Agent Toronto Blue Jays RHP Max Scherzer
31%
Texas Rangers Trade Washington Nationals 1B Nathaniel Lowe
31%
Chiba Lotte Marines (Nippon) Free Agent Los Angeles Dodgers RHP Roki Sasaki
31%
Los Angeles Dodgers Free Agent Boston Red Sox RHP Walker Buehler
31%
Houston Astros Free Agent Los Angeles Angels LHP Yusei Kikuchi
31%
Boston Red Sox Free Agent Tampa Bay Rays C Danny Jansen
27%
New York Yankees Free Agent Detroit Tigers 2B Gleyber Torres
27%
Chicago Cubs Trade Houston Astros 3B Isaac Paredes
27%
Miami Marlins Trade Texas Rangers 3B Jake Burger
27%
Atlanta Braves Trade Los Angeles Angels OF Jorge Soler
27%
San Francisco Giants Free Agent Detroit Tigers RHP Alex Cobb
23%
Atlanta Braves Free Agent Baltimore Orioles RHP Charlie Morton
23%
Arizona Diamondbacks Free Agent Texas Rangers OF Joc Pederson
23%
San Diego Padres Free Agent Chicago White Sox LHP Martin Perez
23%
San Francisco Giants Free Agent Los Angeles Dodgers OF Michael Conforto
23%
Cleveland Guardians Trade Toronto Blue Jays OF Myles Straw
23%
Toronto Blue Jays Trade Pittsburgh Pirates INF Spencer Horwitz
23%
San Diego Padres Free Agent Los Angeles Dodgers LHP Tanner Scott
23%
Atlanta Braves Free Agent Los Angeles Angels C Travis d'Arnaud
23%
Boston Red Sox Free Agent Baltimore Orioles OF Tyler O'Neill
23%
San Diego Padres Free Agent Seattle Mariners INF Donovan Solano
19%
Cincinnati Reds Trade New York Yankees RHP Fernando Cruz
19%
Milwaukee Brewers Free Agent New York Mets RHP Frankie Montas
19%
Los Angeles Angels Trade Atlanta Braves RHP Griffin Canning
19%
Los Angeles Angels Free Agent New York Mets RHP Griffin Canning
19%
Toronto Blue Jays Free Agent Philadelphia Phillies RHP Jordan Romano
19%
Chicago Cubs Free Agent Washington Nationals RHP Jorge Lopez
19%
New York Yankees Trade Cincinnati Reds C Jose Trevino
19%
San Diego Padres Free Agent Texas Rangers C Kyle Higashioka
19%
Pittsburgh Pirates Trade Cleveland Guardians RHP Luis Ortiz
19%
Chicago White Sox Free Agent Washington Nationals RHP Mike Soroka
19%
Washington Nationals Trade Texas Rangers RHP Robert Garcia
19%
Atlanta Braves Free Agent New York Mets LHP AJ Minter
15%
Cincinnati Reds Free Agent Washington Nationals INF Amed Rosario
15%
Texas Rangers Free Agent Chicago Cubs C Carson Kelly
15%
Boston Red Sox Free Agent Texas Rangers RHP Chris Martin
15%
Milwaukee Brewers Free Agent Chicago Cubs RHP Colin Rea
15%
Atlanta Braves Free Agent Oakland Athletics 3B Gio Urshela
15%
Tampa Bay Rays Trade Oakland Athletics LHP Jeffrey Springs
15%
Texas Rangers Free Agent Oakland Athletics RHP Jose Leclerc
15%
Tampa Bay Rays Trade New York Mets OF Jose Siri
15%
Seattle Mariners Free Agent Chicago White Sox INF/OF Josh Rojas
15%
Chicago Cubs Free Agent Los Angeles Angels RHP Kyle Hendricks
15%
Cleveland Guardians Free Agent Chicago Cubs LHP Matthew Boyd
15%
Oakland Athletics Trade Atlanta Braves INF Nick Allen
15%
Los Angeles Angels Free Agent Boston Red Sox LHP Patrick Sandoval
15%
San Francisco Giants Free Agent Colorado Rockies INF Thairo Estrada
15%
Milwaukee Brewers Free Agent Chicago White Sox RHP Bryse Wilson
12%
New York Yankees Trade Chicago Cubs RHP Cody Poteet
12%
Cleveland Guardians Trade Chicago Cubs RHP Eli Morgan
12%
Milwaukee Brewers Free Agent Texas Rangers LHP Hoby Milner
12%
Chicago Cubs Free Agent New York Mets 1B Jared Young
12%
New York Yankees Free Agent Chicago Cubs INF Jon Berti
12%
Toronto Blue Jays Free Agent Chicago Cubs INF Justin Turner
12%
Cincinnati Reds Free Agent Boston Red Sox LHP Justin Wilson
12%
Chicago Cubs Trade Chicago White Sox C Matt Thaiss
12%
Chicago Cubs Free Agent Chicago White Sox OF Mike Tauchman
12%
Cleveland Guardians Trade Toronto Blue Jays RHP Nick Sandlin
12%
Milwaukee Brewers Trade Colorado Rockies INF Owen Miller
12%
Arizona Diamondbacks Free Agent Cleveland Guardians RHP Paul Sewald
12%
Houston Astros Trade Chicago Cubs RHP Ryan Pressly
12%
San Francisco Giants Trade Cincinnati Reds LHP Taylor Rogers
12%
St. Louis Cardinals Free Agent Baltimore Orioles RHP Andrew Kittredge
8%
Baltimore Orioles Free Agent Chicago White Sox OF Austin Slater
8%
San Francisco Giants Trade Boston Red Sox C Blake Sabol
8%
Houston Astros Free Agent Pittsburgh Pirates LHP Caleb Ferguson
8%
Boston Red Sox Trade Pittsburgh Pirates INF/OF Enmanuel Valdez
8%
San Diego Padres Free Agent Tampa Bay Rays SS Ha-Seong Kim
8%
Chicago Cubs Trade Houston Astros RHP Hayden Wesneski
8%
Baltimore Orioles Free Agent Texas Rangers RHP Jacob Webb
8%
Milwaukee Brewers Free Agent Philadelphia Phillies RHP Joe Ross
8%
Minnesota Twins Trade Boston Red Sox LHP Jovani Moran
8%
Boston Red Sox Free Agent New York Mets RHP Justin Hagenman
8%
Arizona Diamondbacks Free Agent Los Angeles Angels INF Kevin Newman
8%
Texas Rangers Free Agent Los Angeles Dodgers RHP Kirby Yates
8%
Minnesota Twins Free Agent Colorado Rockies INF Kyle Farmer
8%
Cincinnati Reds Free Agent Washington Nationals RHP Lucas Sims
8%
Pittsburgh Pirates Free Agent Chicago White Sox OF Michael A. Taylor
8%
Chicago Cubs Trade Seattle Mariners INF/OF Miles Mastrobuoni
8%
Boston Red Sox Free Agent San Diego Padres RHP Nick Pivetta
8%
Chicago Cubs Free Agent Texas Rangers RHP Shawn Armstrong
8%
New York Yankees Free Agent Detroit Tigers RHP Tommy Kahnle
8%
Seattle Mariners Free Agent Minnesota Twins 1B Ty France
8%
Kansas City Royals Free Agent Pittsburgh Pirates INF/OF Adam Frazier
4%
Texas Rangers Free Agent Pittsburgh Pirates LHP Andrew Heaney
4%
Philadelphia Phillies Free Agent Cincinnati Reds OF Austin Hays
4%
Toronto Blue Jays Trade Pittsburgh Pirates RHP Brett de Geus
4%
Colorado Rockies Free Agent Miami Marlins RHP Cal Quantrill
4%
Boston Red Sox Trade Chicago White Sox LHP Cam Booser
4%
Philadelphia Phillies Free Agent Kansas City Royals RHP Carlos Estevez
4%
Chicago White Sox Trade Los Angeles Angels C Chuckie Robinson
4%
Cleveland Guardians Free Agent Atlanta Braves RHP Connor Gillispie
4%
Pittsburgh Pirates Free Agent San Diego Padres 1B/OF Connor Joe
4%
Baltimore Orioles Free Agent Minnesota Twins RHP Danny Coulombe
4%
Los Angeles Angels Trade Atlanta Braves RHP Davis Daniel
4%
Oakland Athletics Trade Baltimore Orioles OF Daz Cameron
4%
Tampa Bay Rays Free Agent Baltimore Orioles OF Dylan Carlson
4%
Philadelphia Phillies Free Agent New York Mets RHP Dylan Covey
4%
Los Angeles Angels Free Agent Miami Marlins INF Eric Wagaman
4%
New York Mets Free Agent Minnesota Twins OF Harrison Bader
4%
Los Angeles Dodgers Free Agent Detroit Tigers RHP Jack Flaherty
4%
Milwaukee Brewers Free Agent Cleveland Guardians RHP Jakob Junis
4%
Cincinnati Reds Trade Kansas City Royals OF Joey Wiemer
4%
Atlanta Braves Free Agent Detroit Tigers RHP John Brebbia
4%
Baltimore Orioles Free Agent Cleveland Guardians LHP John Means
4%
Houston Astros Free Agent Arizona Diamondbacks RHP Kendall Graveman
4%
Boston Red Sox Free Agent Los Angeles Angels RHP Kenley Jansen
4%
Seattle Mariners Free Agent Oakland Athletics INF Luis Urias
4%
Atlanta Braves Free Agent Texas Rangers RHP Luke Jackson
4%
Texas Rangers Trade Chicago Cubs RHP Matt Festa
4%
Kansas City Royals Free Agent Washington Nationals INF Paul DeJong
4%
Atlanta Braves Free Agent Baltimore Orioles OF Ramon Laureano
4%
Los Angeles Dodgers Trade Chicago Cubs RHP Ryan Brasier
4%
Oakland Athletics Free Agent Colorado Rockies LHP Scott Alexander
4%
Cleveland Guardians Free Agent Cincinnati Reds RHP Scott Barlow
4%
Arizona Diamondbacks Trade Cleveland Guardians RHP Slade Cecconi
4%
New York Yankees Trade Houston Astros OF Taylor Trammel
4%
Chicago White Sox Free Agent Pittsburgh Pirates LHP Tim Mayza
4%
Kansas City Royals Free Agent Pittsburgh Pirates OF Tommy Pham
4%
Tampa Bay Rays Free Agent Milwaukee Brewers LHP Tyler Alexander
4%
Chicago White Sox Free Agent Los Angeles Angels 3B Yoan Moncada
4%
Boston Red Sox Trade Pittsburgh Pirates RHP Chase Shugart
0%
Chicago Cubs Free Agent New York Mets INF Nick Madrigal
0%
Chicago White Sox Trade San Diego Padres RHP Ron Marinaccio
0%
Philadelphia Phillies Trade Los Angeles Angels INF/OF Scott Kingery
0%
No matching quizzes found
Score Distribution
Percent of People with Each Score
Percentile by Number Answered
Your Score History
You have not taken this quiz since the last reset